000 00743nam a2200277 4500
001 1990
010 _a9789722359221
021 _aPT
_b416292/16
090 _a1990
100 _a20251120d2016 m||y0pory50030103ba
101 _apor
102 _aPT
200 _aNome de código
_eLeoparda
_fKen Follett
_gtrad. João Brito
205 _a12ª edição
210 _aLisboa
_cPresença
_d2016
215 _a475, [5] p.
_d23 cm
225 _aGrandes narrativas
_v646
300 _aBMB-Registado
304 _aTít. orig.: Jackdaws
606 _9824
_aLiteratura Inglesa
606 _9779
_aRomance
675 _a821.111-31
_vBMB
_zpor
700 _aFollett
_bKen
_f1949-
_92862
702 _aBrito
_bJoão
_4730
_92863
801 _aPT
_bBMB
_gRPC
990 _cLIVROS